Jorge Galindo (Record no. 576)

MARC details
000 - LÍDER
campo de control de longitud fija 00850nam a2200205Ia 4500
008 - ELEMENTOS DE DATOS DE LONGITUD FIJA - INFORMACIÓN GENERAL
campo de control de longitud fija 0000001998 us az 0000000000eng00
090 ## - NÚMERO DE LLAMADA DE TIPO LC LOCALMENTE ASIGNADO (OCLC)
Número de clasificación (OCLC) (R) PSP00 C78l
100 1# - ENTRADA PRINCIPAL - NOMBRE PERSONAL
Nombre de la persona Galindo, Jorge
Fechas asociadas a un nombre 1965
245 10 - TÍTULO DECLARACIÓN
Título Jorge Galindo
Declaración de responsabilidad / photography Javier Campano, Oronoz, Steven Tucker ; essay Berta Sichel
260 ## - PUBLICACIÓN, DISTRIBUCIÓN
Lugar de publicación New York : Galería Ramis Barquet
Fecha de publicación 1998
300 ## - DESCRIPCIÓN FÍSICA
Alcance 23 p.
Dimensiones / 28 cm.
500 ## - NOTA GENERAL
Nota general Exposición realizada en la Galería Ramis Barquet, Abril 2 Mayo 2, 1998 \ Con el patronazgo del maestro venezolano Jesús Rafael Soto (q.e.p.d.)
600 00 - ENTRADA DE SUJETO AÑADIDO - NOMBRE PERSONAL
Nombre de la persona GALINDO, JORGE, 1965 /
Subdivisión general TRABAJOS PICTORICOS
650 14 - ENTRADA DE SUJETO AÑADIDO - TÉRMINO TÓPICO
Término tópico o elemento de entrada del nombre geográfico PINTURA ESPAÑOLA
650 14 - ENTRADA DE SUJETO AÑADIDO - TÉRMINO TÓPICO
Subdivisión general CATALOGOS
650 14 - ENTRADA DE SUJETO AÑADIDO - TÉRMINO TÓPICO
Subdivisión general EXPOSICIONES
650 14 - ENTRADA DE SUJETO AÑADIDO - TÉRMINO TÓPICO
Término tópico o elemento de entrada del nombre geográfico PINTORES ESPAÑOLES
650 14 - ENTRADA DE SUJETO AÑADIDO - TÉRMINO TÓPICO
Término tópico o elemento de entrada del nombre geográfico PINTURA MODERNA ESPAÑOLA
700 1# - ENTRADA AGREGADA - NOMBRE PERSONAL
Nombre de la persona Campano, Javier \ Tucker, Steven \ Sichel, Bertha \ Oronoz
Holdings
Estado de retirada Pérdida de estatus Estado dañado No para préstamo Código de recogida Ubicación permanente Ubicación actual Ubicación de las estanterías Fecha de adquisición Número de llamada completo Código de barras Fecha de la última vez que se vio Número de copia Precio efectivo desde Tipo de artículo Koha
        General ArtNexus ArtNexus General 06/09/2022 P-SP-00 C78L 576 06/09/2022 Ej.1 06/09/2022 Libro

Powered by Koha